Käärmeettömät valtiot - Statistics

Yleistilastot
  • Tätä visaa on pelattu 2 766 kertaa
    2 696 viimeisimmän päivityksen jälkeen
  • Keskiarvotulos 4 / 9
Vastaustilastot
Valtio % Oikein
Islanti
89%
Irlanti
50%
Uusi-Seelanti
48%
Nauru
46%
Tuvalu
38%
Vatikaanivaltio
38%
Kiribati
30%
Marshallinsaaret
29%
Kap Verde
24%
Ehtoja vastaavia visoja ei löytynyt
Tulosjakauma
Jokaisen tuloksen saaneiden osuus
Persentiili vastausten määrän mukaan
Tuloshistoriasi
Et ole pelannut tätä visaa sen viimeisimmän päivityksen jälkeen